Zosilnenie luminiscencie lantanoidmi a jej využitie vo farmaceutickej analýze diplomová práca CD

Guardado en:
Detalles Bibliográficos
Autor principal: Maslíková, Marcela
Formato: Software Libro
Lenguaje:eslovaco
Publicado: Bratislava STU FCHPT 2013
Acceso en línea:Ver en el OPAC
Etiquetas: Agregar Etiqueta
Sin Etiquetas, Sea el primero en etiquetar este registro!

MARC

LEADER 00000nam a2200000 a 4500
005 20260127134213.0
007 co ugu uaaua
008 130709 2013 000 0 slo d
035 |a vtls010525939 
039 9 |y 201307091211  |z mschk03 
040 |a STUSCHK1  |b slo  |c STUSCHK1  |e AACR2 
100 1 |a Maslíková, Marcela 
245 1 |a Zosilnenie luminiscencie lantanoidmi a jej využitie vo farmaceutickej analýze  |b diplomová práca CD  |c Marcela Maslíková 
260 |a Bratislava  |b STU FCHPT  |c 2013 
300 |a 1 elektronický disk 
500 |a Obhájené: 10.06.2013 
500 |a Špec.: Analytická chémia 
500 |a Evidenčné číslo: FCHPT-5459-58201 
500 |a Miesto vypracovania: Oddelenie analytickej chémie 
910 |a SCHK95 
999 |c 6590  |d 6590